000 00490nam a2200181Ia 4500
005 20250508153314.0
008 008 250505s9999 xx 000 0 eng d
037 _aBooks to be hide in OPAC
040 _aFEDL
_beng
_cFEDL
041 _aeng
_2eng
084 _a372, PET
_qFEDL
100 _aPetit Edouard
_9763654
245 0 _aDe L'Ecole a la cite
260 _aParis, France
_bFelix Alcan
_c1910
300 _a283p.
942 _cHB
_h372, PET
999 _c1341872
_d1341872